Statistics for Godzilla Films by Year

Click here to take the quiz!

General Stats

  • This quiz has been taken 98 times
    (48 since last reset)
  • The average score is 22 of 40

Answer Stats

HintAnswer% Correct
1954Godzilla
100%
2014Godzilla
100%
1998Godzilla
100%
2019Godzilla: King of the Monsters
88%
1955Godzilla Raids Again
79%
2021Godzilla vs. Kong
79%
1962King Kong vs. Godzilla
75%
1992Godzilla vs. Mothra
71%
2024Godzilla x Kong: The New Empire
67%
2023Godzilla Minus One
63%
1974Godzilla vs. Mechagodzilla
58%
1964Ghidorah, the Three-Headed Monster
54%
1999Godzilla 2000
54%
2004Godzilla: Final Wars
54%
1972Godzilla vs. Gigan
54%
1965Invasion of Astro-Monster
54%
2016Shin Godzilla
54%
1968Destroy all Monsters
50%
1993Godzilla vs. Mechagodzilla II
50%
1994Godzilla vs. SpaceGodzilla
50%
1984The Return of Godzilla
50%
2002Godzilla Against Mechagodzilla
46%
2003Godzilla: Tokyo S.O.S.
46%
1971Godzilla vs. Hedorah
46%
1991Godzilla vs. King Ghidorah
46%
2000Godzilla vs.Megaguirus
46%
1964Mothra vs. Godzilla
46%
1967Son of Godzilla
46%
1989Godzilla vs. Biollante
42%
1995Godzilla vs. Destoroyah
42%
1973Godzilla vs. Megalon
42%
1975Terror of Mechagodzilla
42%
1969All Monsters Attack
38%
1966Ebirah, Horror of the Deep
38%
1985Godzilla 1985
38%
2018Godzilla: City on the Edge of Battle
33%
2001Godzilla, Mothra and King Ghidorah: Giant Monsters All-Out Attack
33%
2017Godzilla: Planet of the Monsters
33%
2018Godzilla: The Planet Eater
33%
1956Godzilla, King of Monsters!
21%

Score Distribution

Percentile by Number Answered

Percent of People with Each Score

Your Score History

You have not taken this quiz since the last reset